000 00200nam a22000977a 4500
008 210707s2005 xx 000 0 und d
041 _aeng
082 _a052 DEEK
245 _aDeeksha
260 _c2005
999 _c179723
_d179723